Word Ladder: Hot Dog Champ Quiz Stats

 Plays Quiz Updated Feb 4, 2016

Challenge
Share
Tweet
Embed
Score 0/11 Timer 01:30
0 Plays Today
Hint 4-Letter Word % Correct
Lotion ingredient, aloe ____VERA
98.7%
ExtremelyVERY
96.4%
Hospital sectionWARD
95.6%
Microsoft's document creatorWORD
94.4%
Cautious or carefulWARY
92.8%
What results or mileage may doVARY
92.1%
✪ Amphibian falsely associated with warts, or 2nd half of competitive eater Matt Stonie's nickname ✪✪ TOAD ✪
91.1%
Laundry unitLOAD
89.5%
Lady's counterpartLORD
89.2%
'Luka' singer SuzanneVEGA
72.9%
✪ Prefix meaning 1 million, or 1st half of competitive eater Matt Stonie's nickname ✪✪ MEGA ✪
70.7%

Today's Daily Dose

You're not logged in!

Compare scores with friends on all Sporcle quizzes.
Join for Free
OR
Log In

You Might Also Like...

Show Comments

Extras

Top Quizzes Today


Score Distribution

Your Account Isn't Verified!

In order to create a playlist on Sporcle, you need to verify the email address you used during registration. Go to your Sporcle Settings to finish the process.

Report this User

Report this user for behavior that violates our Community Guidelines.

Details: